Geography Quiz

Random Geography or City Quiz

'S' Capitals Quiz Stats

 Plays Quiz Updated Feb 13, 2019

     
Support Sporcle.
Go Orange.
Score 0/17 Timer 05:00
3 Plays Today
Capital % Correct
Stockholm
83.7%
Santiago
75.4%
Seoul
67.9%
San Marino
65.9%
Sarajevo
64.3%
Singapore
63.3%
San Salvador
62.6%
San José
57.3%
Sana'a
56.7%
Capital % Correct
Suva
53.4%
Sofia
53.2%
Santo Domingo
52.2%
St. John's
49.4%
São Tomé
46.7%
St. George's
46.1%
Skopje
45%
Sri Jayawardenepura Kotte
24.3%

From the Vault

Somewhere in the Middle (Science)

by pdigoe

Science 3m
Which middle measurement do you mean?
Remove Ads.
Support Sporcle.
Get the best of Sporcle when you Go Orange. This ad-free experience offers more features, more stats, and more fun while also helping to support Sporcle. Thank you for becoming a member.

Show Comments

Extras

Top Quizzes Today


Score Distribution

Your Account Isn't Verified!

In order to create a playlist on Sporcle, you need to verify the email address you used during registration. Go to your Sporcle Settings to finish the process.

Report this User

Report this user for behavior that violates our Community Guidelines.

Details: